Review of peace and security issues in 1987 and the Canadian response
Salvato in:
| Autore principale: | |
|---|---|
| Natura: | testo |
| Pubblicazione: |
Gilmour, Ottawa:
Canadian Institute for International Peace and Security
|
| Tags: |
Aggiungi Tag
Nessun Tag, puoi essere il primo ad aggiungerne!!
|
MARC
| LEADER | 00000 a a2200000 04500 | ||
|---|---|---|---|
| 001 | 23738 | ||
| 003 | |||
| 040 | |||
| 090 | |a 167300 | ||
| 100 | |a Pearson, Geoffrey | ||
| 245 | |a Review of peace and security issues in 1987 and the Canadian response | ||
| 260 | |a Gilmour, Ottawa: |b Canadian Institute for International Peace and Security | ||
| 300 | |a 27 p. | ||
| 999 | |c 11243 |d 11243 | ||
